Unabhängigkeit von wem? - Statistiken

Allgemein
  • Dieses Quiz wurde 20.752 mal gespielt
  • Das Durchschnittsergebnis liegt bei 16 aus 24
Antwortstatistiken
Jahr Land Unabhängig von % Korrekt
1810 Mexiko Spanien
93%
1776 Vereinigte Staaten Großbritannien
92%
1822 Brasilien Portugal
91%
1962 Algerien Frankreich
83%
1991 Estland Sowjetunion
80%
1911 Mongolei China
78%
2011 Südsudan Sudan
77%
1991 Kroatien Jugoslawien
75%
1905 Norwegen Schweden
75%
1810 Argentinien Spanien
72%
1944 Island Dänemark
70%
1822 Griechenland Osmanisches Reich
70%
1960 Dem. Rep. Kongo Belgien
65%
2002 Osttimor Indonesien
60%
1945 Indonesien Niederlande
58%
1965 Singapur Malaysia
57%
1960 Nigeria Vereinigtes Königreich
55%
1962 Jamaika Vereinigtes Königreich
55%
1993 Eritrea Äthiopien
49%
1975 Papua-Neuguinea Australien
46%
1971 Bangladesch Pakistan
43%
1903 Panama Kolumbien
41%
1946 Philippinen Vereinigte Staaten
39%
1962 Samoa Neuseeland
30%
Keine übereinstimmenden Quizze gefunden
Verteilung der Resultate
Anzahl Personen mit jedem Resultat
Perzentil nach korrekt beantworteten Fragen
Ihre Resultats-Entwicklung
Sie haben dieses Quiz noch nicht gespielt